00793nam a2200217Ia 4500003000900000008004100009020001800050040001600068080001500084100003400099245012200133260005000255300001400305650004100319650003000360650002300390650001500413942000700428999001700435952012300452IN-BaIIA211028s9999 xx 000 0 eng d a0-88318-659-4 cIIA Library a524.5bLOZ aLozinskaya, Tatiana A.918763 0aSupernovae and stellar wind in the interstellar mediumcTatiana A. Lozinskaya  aNew YorkbAmerican Institute of Physicsc1992 axi, 467p. aAstronomy and astrophysics thesaurus aInterstellar medium93375 aStellar wind97690 aSupernovae cBK c10984d10984 00104070aBANbBANcGENd1994-03-21g4120.88l0o524.5/ LOZp11897r2021-11-05v4120.88w1994-03-21yBKGRs. 4120.88